| 000 | 00975nam0a22002771 4500 | ||
|---|---|---|---|
| 001 | RU\NLR\INFOCOMM_190\5000061095 | ||
| 005 | 20250613094450.0 | ||
| 035 | _a(NLR Aleph) 009262863 | ||
| 090 |
_a9054069 _c9054069 |
||
| 100 | _a20100812d1984 |||y0rusy50 ca | ||
| 101 | 1 |
_afre _crus |
|
| 102 | _aRU | ||
| 105 | _aa ||||000|y | ||
| 200 | 1 |
_aL'homme et les animaux _fYouri Dmitriev _g[Trad. du russe par Catherine Emery et Colette Kitachevsky] |
|
| 210 |
_aΜ. _cRadouga _dCop.1984 |
||
| 215 |
_a367 с. _cил., портр., факс. _d22 см |
||
| 311 | _a"Titre orig.: "Человек и животные" | ||
| 454 | 0 |
_12001#$aЧеловек и животные _tЧеловек и животные |
|
| 686 |
_aДл760 _2rubbk |
||
| 700 | 1 |
_9z01790 _aDmitriev _bJ. D. _f1925- _gJurij Dmitrievič _4070 |
|
| 790 | 1 |
_9z01700 _aDmitriev _bY. _gYouri _4070 |
|
| 801 | 1 |
_aRU _bNLR _c20100812 |
|
| 801 | 0 |
_aRU _bNLR _gPSBO |
|
| 852 |
_aNLR _jДл01 Д-5/234 |
||
| 942 | _cBOOK | ||
| 980 | _aNB | ||